000
00279nam a22001337a 4500
003
SGT
082
_a
302.2
_b
M17B
100
_a
BARAN, STANLEY
245
_a
MASS COMMUNICATION THEORY
250
_a
7TH
260
_a
DELHI
_b
CENGAGE
_c
2017
300
_a
408
942
_2
ddc
_c
BK
_0
2
999
_c
17062
_d
17062